NFL Players - Most Single Game Rushing Yards 2024-2025 Season - Statistics

General Stats
  • This quiz has been taken 94 times
  • The average score is 8 of 13
Answer Stats
Yards Answer % Correct
1st - 255 Saquon Barkley
99%
3rd - 199 Derrick Henry
96%
5th - 170 Bijan Robinson
78%
2nd - 218 Johnathan Taylor
75%
10th - 151 Josh Jacobs
74%
6th - 159 Joe Mixon
70%
7th - 155 Alvin Kamara
59%
8th - 153 Chuba Hubbard
59%
9th - 152 Bucky Irving
58%
11th - 149 Rico Dowdle
43%
12th - 147 Jordan Mason
41%
13th - 145 Tyrone Tracy Jr.
37%
4th - 176 Dameon Pierce
10%
No matching quizzes found
Score Distribution
Percent of People with Each Score
Percentile by Number Answered
Your Score History
You have not taken this quiz